000 00282nam a22001217a 4500
020 _a0-333-51072-0
082 _a530 DYR'G
100 _aDYKE, PHILIP, WHITWORTH, ROGER
_967535
245 _aGUIDE TO MECHANICS
260 _aLONDON
_bMACMILLAN
_c1992
300 _a292P
942 _cBK
999 _c575291
_d575291